| 000 | 00637nam a2200217Ia 4500 | ||
|---|---|---|---|
| 003 | 0100 | ||
| 008 | 130303s9999 xx 000 0 und d | ||
| 040 | _cARRUPELIB | ||
| 050 | _aDS36.85.V35 1999 | ||
| 245 | _aValues in Islamic culture and the experience of History | ||
| 245 | _bRussian Philosophical studies, 1 | ||
| 260 | _aWashington,D.C. | ||
| 260 | _bThe Council for research in Values and philosophy | ||
| 260 | _C2002 | ||
| 300 | _a369p. | ||
| 300 | _b 23cm | ||
| 440 | _aCultural heritage and contemporary change | ||
| 650 | _bTherese of Lisieux, St | ||
| 700 | _aKirabaev, Nur ; Pochta, Yuriy | ||
| 942 |
_2lcc _01 |
||
| 999 |
_c59414 _d59414 |
||